000 00264nam a22001217a 4500
008 181102b xxu||||| |||| 00| 0 eng d
041 _aeng
080 _a610
100 _a4
101 _ashm
245 _aGreat Traditon In Ethics
_cAlbert.p
942 _2udc
_cBK
999 _c51626
_d51626